La primera hermenéutica : el origen de la filosofía y los orígenes en Grecia /

Exposición del método filosófico de la hermenéutica en su propio ejercicio, cuyo autor parte de una relectura de los textos presocráticos en el que indaga sobre la pregunta última ¿por qué hay cosas?, y lo vincula con la filosofía actual.

Guardat en:
Dades bibliogràfiques
Autor principal: Cruz Fuentes, Roberto (autor)
Format: Llibre
Idioma:espanyol
Publicat: México : Barcelona, España : Universidad Iberoamericana, Plantel Santa Fe ; Herder, 2005, c2005
Matèries:
Etiquetes: Afegir etiqueta
Sense etiquetes, Sigues el primer a etiquetar aquest registre!

MARC

LEADER 00000nam^a2200000^a^4500
001 000260310
005 20250521000000.0
009 20260310110432.756
020 |a 968-5807-06-X 
037 |a Acervo Xavier Clavigero 
041 |a ESP 
082 |a 121. 68  |b CRU 
100 |a Cruz Fuentes, Roberto  |e (autor) 
245 1 3 |a La primera hermenéutica :  |b el origen de la filosofía y los orígenes en Grecia /  |c R. Cruz Fuentes. 
264 4 |a México :  |b Universidad Iberoamericana, Plantel Santa Fe ;  |a Barcelona, España :  |b Herder,  |c 2005, c2005 
300 |a XIII, 305 p. 
336 |a texto  |b txt  |2 rdacontenido 
337 |a sin mediación  |b n  |2 rdamedio 
338 |a volumen  |b nc  |2 rdasoporte 
520 |a Exposición del método filosófico de la hermenéutica en su propio ejercicio, cuyo autor parte de una relectura de los textos presocráticos en el que indaga sobre la pregunta última ¿por qué hay cosas?, y lo vincula con la filosofía actual. 
649 |a XX 
650 |a Hermenéutica -  |x Tema Principal 
650 |a Presocráticos -  |x Historia y Crítica -  |x Tema Principal 
650 |a Filosofía Griega -  |x Historia y Crítica 
650 |a Filosofía del Siglo XX -  |x Historia y Crítica 
910 |a Fondo General 
920 |a Impresos - Libros 
930 |a Colección General 
905 |a 101 
901 |a 0500126502  |b IT1  |c ACC  |u 20250521 
901 |a 0500235925  |b IT1  |c ACC  |u 20250521 
902 |a https://opac.biblio.iteso.mx/vufind/Record/000260310